Human rights: Concepts and standard (Record no. 113415)

MARC details
000 -LEADER
fixed length control field 00363nam a2200145Ia 4500
008 - FIXED-LENGTH DATA ELEMENTS--GENERAL INFORMATION
fixed length control field 230917s9999||||xx |||||||||||||| ||und||
040 ## - CATALOGING SOURCE
-- 98647
Original cataloging agency VIVEKANANDA LIBRARY
041 ## - Language
-- English
082 ## - DDC NUMBER
Classification number 323.4 H88H
100 ## - MAIN ENTRY--PERSONAL NAME
Personal name Symonides, Janusz, ed.
245 #0 - TITLE STATEMENT
Title Human rights: Concepts and standard
260 ## - PUBLICATION, DISTRIBUTION, ETC. (IMPRINT)
Place of publication, distribution, etc Jaipur
Name of publisher, distributor, etc Rawat
Date of publication, distribution, etc 2002
300 ## - PHYSICAL DESCRIPTION
Pages xvi, 373 p.
942 ## - ADDED ENTRY ELEMENTS (KOHA)
Koha item type Books
Holdings
Withdrawn status Lost status Damaged status Not for loan Location (home branch) Sublocation or collection (holding branch) Date acquired Koha issues (times borrowed) Koha full call number Accession No. Koha date last seen Koha item type
        VIVEKANANDA LIBRARY VIVEKANANDA LIBRARY 23/10/2003   323.4 H88H 202412 17/09/2023 Books
        VIVEKANANDA LIBRARY VIVEKANANDA LIBRARY 23/10/2003   323.4 H88H 225079 17/09/2023 Books
© Designed and Maintained by Vivekananda Library, MDU Rohtak